000 00524nam a2200181Ia 4500
999 _c29741
_d29741
003 OSt
005 20201125144242.0
008 190216s9999||||xx |||||||||||||| ||und||
020 _a9788122605990
040 _coclc
082 _a920
_bTHO/W
100 _aThoreau, Henry David
_96872
245 0 _aWalden Adhava Kananajeevitham /
_cHenry David Thoreau
260 _bCurrent Books,
_c2010.
_aThrissur:
300 _a406p
650 _aMalayalam Biography
942 _cBK
_2ddc
_h920
_iTHO/W
_k920
_mTHO/W